000
00318nam a2200133Ia 4500
005
20260328104340.0
008
260328s9999||||xx |||||||||||||| ||und||
100
_a
Rotzler, Willy
245
0
_a
Constructive Concepts /
_c
Willy Rotzler
260
_b
Rizzoli
300
_a
329 p.
650
_a
ARQUITECTURA
942
_c
BK
999
_c
12055
_d
12055